| 000 | 00736nam a2200205Ia 4500 | ||
|---|---|---|---|
| 003 | GCL | ||
| 008 | 140319s9999 xx 000 0 ara d | ||
| 020 | _a5955324977 | ||
| 040 |
_aGCL / _cGCL |
||
| 082 | 0 | 4 |
_a811.009 _bم ش |
| 100 | 1 | _aمدحت الجيار | |
| 245 | 1 | 0 |
_aشعر العقاد : _bدراسة عروضية .. أسلوبية .. وصفية .. تحليلة / _cمدحت الجيار |
| 260 |
_aالقاهرة : _bعربية للطباعة والنشر ، _c2002 |
||
| 300 |
_a223 ص ؛ _c22 سم |
||
| 490 | _a | ||
| 650 | 0 | 4 | _aالشعر العربى |
| 650 | 0 | 4 | _aالشعر العربى - تاريخ ونقد |
| 650 | 0 | 4 | _aالشعر العربى - تاريخ ونقد - العصرالحديث |
| 942 |
_2ddc _cBK |
||
| 999 |
_c35401 _d35401 |
||